Methods of estimation of dry rubber content in natural rubber latex (Record no. 62877)

MARC details
000 -LEADER
fixed length control field 00404nam a2200133Ia 4500
100 ## - MAIN ENTRY--AUTHOR NAME
Personal name Sarath Kumara P H
245 #0 - TITLE STATEMENT
Title Methods of estimation of dry rubber content in natural rubber latex
260 ## - PUBLICATION, DISTRIBUTION, ETC. (IMPRINT)
Name of publisher Bulletin of the Rubber Research Institute of Sri Lanka
Year of publication 2006
300 ## - PHYSICAL DESCRIPTION
Number of Pages 65-69
650 ## - SUBJECT ADDED ENTRY--TOPICAL TERM
Topical Term Dry rubber content
650 ## - SUBJECT ADDED ENTRY--TOPICAL TERM
Topical Term NR latex
942 ## - ADDED ENTRY ELEMENTS (KOHA)
Koha item type Journals
Holdings
Withdrawn status Lost status Damaged status Not for loan Home library Current library Shelving location Date acquired Serial Enumeration / chronology Koha item type
      Journals RRII Library RRII Library Rubber technology 04/06/2007 Volume 47, Issue Journals